NLSUI OPAC header image

Borderlines in private law / (Record no. 214127)

MARC details
000 -LEADER
fixed length control field 02548cam a2200385 i 4500
001 - CONTROL NUMBER
control field 23636394
005 - DATE AND TIME OF LATEST TRANSACTION
control field 20251204104920.0
008 - FIXED-LENGTH DATA ELEMENTS--GENERAL INFORMATION
fixed length control field 240410s2024 enk b 001 0 eng d
010 ## - LIBRARY OF CONGRESS CONTROL NUMBER
LC control number 2024936385
020 ## - INTERNATIONAL STANDARD BOOK NUMBER
International Standard Book Number 0198888716
Qualifying information (hardcover)
020 ## - INTERNATIONAL STANDARD BOOK NUMBER
International Standard Book Number 9780198888710
Qualifying information (hardcover)
035 ## - SYSTEM CONTROL NUMBER
System control number 23636394
035 ## - SYSTEM CONTROL NUMBER
System control number (OCoLC)1443482946
040 ## - CATALOGING SOURCE
Original cataloging agency YDX
Language of cataloging eng
Description conventions rda
Transcribing agency YDX
Modifying agency EUM
-- OCLCO
-- YDX
-- OCLCO
-- DLC
042 ## - AUTHENTICATION CODE
Authentication code lccopycat
043 ## - GEOGRAPHIC AREA CODE
Geographic area code e-uk---
082 04 - DEWEY DECIMAL CLASSIFICATION NUMBER
Classification number 346.41
Edition number 23
245 00 - TITLE STATEMENT
Title Borderlines in private law /
Statement of responsibility, etc. edited by William Day, Julius Grower.
264 #1 - PRODUCTION, PUBLICATION, DISTRIBUTION, MANUFACTURE, AND COPYRIGHT NOTICE
Place of production, publication, distribution, manufacture Oxford :
Name of producer, publisher, distributor, manufacturer Oxford University Press,
Date of production, publication, distribution, manufacture, or copyright notice [2024]
300 ## - PHYSICAL DESCRIPTION
Extent xxvi, 294 pages ;
Dimensions 24 cm.
336 ## - CONTENT TYPE
Content type term text
Content type code txt
Source rdacontent
365 ## - TRADE PRICE
Price amount Rs. 10660.00
504 ## - BIBLIOGRAPHY, ETC. NOTE
Bibliography, etc. note Includes bibliographical references and index.
505 ## - FORMATTED CONTENTS NOTE
Formatted contents note 1:Borderlines in Private Law: An Introduction, Lord Sales -<br/>2:Contract's Borderlines, Mrs Justice Cockerill -<br/>3:Contract and Tort, Janet O'Sullivan -<br/>4:Contract and Equity, Julius AW Grower -<br/>5:Tort's Borderlines, Lady Chief Justice, Lady Carr -<br/>6:Tort and Equity, Nicholas J McBride -<br/>7:Tort and Unjust Enrichment, Rory Gregson -<br/>8:Unjust Enrichment's Borderlines, Mr Justice Foxton -<br/>9:Unjust Enrichment and Contract, William Day -<br/>10:Unjust Enrichment and Equity, Graham Virgo -<br/>11:Equity's Borderlines, Mr Justice Marcus Smith -<br/>12:Property and Equity, Ben McFarlane -<br/>13:Property and Contract, Sarah Worthington -<br/>14:Property's Borderlines, Mr Justice Fancourt -<br/>15:Property and Tort, Alexander Waghorn -<br/>16:Property and Unjust Enrichment, Helen Scott -<br/>17:Borderlines in Private Law: A Response, Robert Stevens.
520 ## - SUMMARY, ETC.
Summary, etc. "It was a pleasure to attend the conference which generated this edited collection. I learned a lot from the papers circulated and the conference presentations. As appears from a number of the chapters in this book, the notion of borderlines is intimately connected with the idea of taxonomy in law. Both are aspects of the very basic impulse to treat legal doctrine as a topic of study and debate"--
Assigning source Provided by publisher.
650 #0 - SUBJECT ADDED ENTRY--TOPICAL TERM
Topical term or geographic name entry element Civil law
Geographic subdivision Great Britain.
650 #0 - SUBJECT ADDED ENTRY--TOPICAL TERM
Topical term or geographic name entry element Law
Geographic subdivision Great Britain
General subdivision Classification.
650 #0 - SUBJECT ADDED ENTRY--TOPICAL TERM
Topical term or geographic name entry element Torts
Geographic subdivision Great Britain.
650 #6 - SUBJECT ADDED ENTRY--TOPICAL TERM
Topical term or geographic name entry element Responsabilité civile
Geographic subdivision Grande-Bretagne.
700 1# - ADDED ENTRY--PERSONAL NAME
Personal name Day, William
Titles and other words associated with a name (Barrister and law teacher),
Relator term editor.
700 1# - ADDED ENTRY--PERSONAL NAME
Personal name Grower, Julius,
Relator term editor.
906 ## - LOCAL DATA ELEMENT F, LDF (RLIN)
a 7
b cbc
c copycat
d 2
e epcn
f 20
g y-gencatlg
942 ## - ADDED ENTRY ELEMENTS (KOHA)
Source of classification or shelving scheme Dewey Decimal Classification
Koha item type BOOKs
Holdings
Withdrawn status Lost status Source of classification or shelving scheme Materials specified (bound volume or other part) Damaged status Not for loan Home library Current library Shelving location Date acquired Source of acquisition Cost, normal purchase price Total Checkouts Full call number Barcode Date last seen Date last checked out Price effective from Koha item type Public note
    Dewey Decimal Classification HB     . . REFERENCE SECTION 04.12.2025 Purchased - Educational Supplies 10660.00 1 346.41 DAY 40569 23.01.2026 10.12.2025 04.12.2025 BOOKs Recommended by Dr. Ashrita Prasad Kotha